000
00237nam a2200097Ia 4500
001
1044992
005
20250826232150.0
008
250824s9999 xx 000 0 und d
245
0
_a
BAŞKA
_c
KAHRAMAN TAZEOĞLU
260
_b
DESTEK YAYINLARI
999
_c
1044992
_d
1044992